Oeconomia Ivdiciorvm Divinorvm Per Omnes Sacri Codicis Libros, Secundum Seriem seculorum & similitudinem rerum adornata atque digesta

Saved in:  
Bibliographic Details
Subtitles:Oeconomia Iudiciorum Divinorum Per Omnes Sacri Codicis Libros
Main Author: Majus, Johann Heinrich 1653-1719 (Author)
Contributors: Sande, Johann Maximilian von
Format: Print Book
Language:Latin
Subito Delivery Service: Order now.
Check availability: HBZ Gateway
Interlibrary Loan:Interlibrary Loan for the Fachinformationsdienste (Specialized Information Services in Germany)
Published: Francofvrti ad Moenvm Sande 1712-
In:Year: 1712
Volumes / Articles:Show volumes/articles.
Standardized Subjects / Keyword chains:B Jews / Bible / Theology / Exegesis / Biblical studies
Further subjects:B Kommentar: theol

MARC

LEADER 00000cam a2200000 ca4500
001 239773500
003 DE-627
005 20240912114300.0
007 tu
008 980209m17129999xx ||||| 00| ||lat c
024 7 |a VD18 11272597-001  |2 vd18 
035 |a (DE-627)239773500 
035 |a (DE-576)9239773509 
035 |a (DE-599)GBV239773500 
040 |a DE-627  |b ger  |c DE-627  |e rakwb 
041 |a lat 
044 |c XA-DXDE 
084 |a 11.48  |2 bkl 
084 |a 15.26  |2 bkl 
100 1 |0 (DE-588)104104139  |0 (DE-627)137025920  |0 (DE-576)288924142  |4 aut  |a Majus, Johann Heinrich  |d 1653-1719 
109 |a Mayus, Johannes Henricus 1653-1719  |a Mayen, Johann Henrich 1653-1719  |a J. H. M. D. 1653-1719  |a Majus, Johannes Heinrich 1653-1719  |a Majus, Johannes Henricus 1653-1719  |a Majus, Joannes Henricus 1653-1719  |a Sylphonius, D. S. 1653-1719  |a Majus, Henricus 1653-1719  |a Mai, Johann Heinrich 1653-1719  |a Maius, Johannes Henricus 1653-1719  |a Mayen, Johann Heinrich 1653-1719  |a Majus, Heinricus 1653-1719  |a J. H. M. 1653-1719  |a May, Johann Heinrich der Ältere 1653-1719  |a Majus, Johann Heinrich 1653-1719  |a Mayus, Joannes Henricus 1653-1719  |a May, Johann Heinrich 1653-1719  |a Majus, Johann Heinrich der Ältere 1653-1719  |a Maius, Ioannes Henricus 1653-1719  |a Maius, Johann Heinrich 1653-1719  |a Maius, Joannes Henricus 1653-1719  |a Sylphonius 1653-1719  |a Maj, Johann Heinrich 1653-1719  |a Symphonius 1653-1719  |a Symphtonius 1653-1719  |a Symphonius, D. S. 1653-1719 
245 1 0 |a Oeconomia Ivdiciorvm Divinorvm Per Omnes Sacri Codicis Libros, Secundum Seriem seculorum & similitudinem rerum adornata atque digesta  |c Ab Io. Henrico Maio, S. Theol. Doctore & Prof. P. in Acad. Ludoviciana ... 
246 1 |i Ansetzungssachtitel  |a Oeconomia Iudiciorum Divinorum Per Omnes Sacri Codicis Libros 
264 1 |a Francofvrti ad Moenvm  |b Sande  |c 1712- 
300 |c 4° 
336 |a Text  |b txt  |2 rdacontent 
337 |a ohne Hilfsmittel zu benutzen  |b n  |2 rdamedia 
338 |a Band  |b nc  |2 rdacarrier 
601 |a Digesta 
655 7 |a Kommentar: theol  |0 (DE-627)096632054  |2 local 
689 0 0 |d s  |0 (DE-588)4028808-0  |0 (DE-627)10430670X  |0 (DE-576)208979565  |2 gnd  |a Juden 
689 0 1 |d u  |0 (DE-588)4006406-2  |0 (DE-627)106377604  |0 (DE-576)208865497  |a Bibel  |q ARK  |2 gnd 
689 0 2 |d s  |0 (DE-588)4059758-1  |0 (DE-627)104131446  |0 (DE-576)209132159  |2 gnd  |a Theologie 
689 0 3 |d s  |0 (DE-588)4015950-4  |0 (DE-627)104675314  |0 (DE-576)20891434X  |2 gnd  |a Exegese 
689 0 4 |d s  |0 (DE-588)4135180-0  |0 (DE-627)105667005  |0 (DE-576)209658614  |2 gnd  |a Bibelwissenschaft 
689 0 |5 (DE-627) 
700 1 |e Verlag  |0 (DE-588)140300090  |0 (DE-627)616982348  |0 (DE-576)31632972X  |4 pbl  |a Sande, Johann Maximilian von 
751 |a Frankfurt am Main  |0 (DE-588)4018118-2  |0 (DE-627)106327356  |0 (DE-576)208922695  |4 pup 
912 |a vd18 
935 |a FBGO  |a mteo  |a JALB 
936 b k |a 11.48  |j Kulturgeschichtlicher Hintergrund  |x Neues Testament  |q ARK  |0 (DE-627)106404229 
936 b k |a 15.26  |j Alter Orient  |j Nordafrika  |x Alte Geschichte  |q ARK  |0 (DE-627)181571021 
951 |a MC 
BIB |a 1 
ELC |b 1 
LOK |0 000 xxxxxcx a22 zn 4500 
LOK |0 001 4555848187 
LOK |0 003 DE-627 
LOK |0 004 239773500 
LOK |0 005 20251112170313 
LOK |0 008 240723||||||||||||||||ger||||||| 
LOK |0 040   |a DE-Tue135  |c DE-627  |d DE-Tue135 
LOK |0 092   |o n 
LOK |0 852   |a DE-Tue135 
LOK |0 852 1  |9 00 
LOK |0 935   |a FBGO  |a JALB 
LOK |0 939   |a 23-07-24  |b l01 
ORI |a SA-MARC-ixtheoa001.raw 
SPR |a 1  |t BIB  |t IXT 
STA 0 0 |a Bible,Biblical studies,Exegesis,Jews,Jews,Jew,Jews in literature,Theology,Theology 
STB 0 0 |a Exégèse,Juifs,Juifs,Science biblique,Théologie,Théologie 
STC 0 0 |a Exegesis,Judíos,Judíos,Judíos,Teología,Teología 
STD 0 0 |a Ebrei,Ebrei,Esegesi,Esegesi biblica,Teologia,Teologia 
STE 0 0 |a 圣经研究,注释,诠释,解经,犹太人,犹太人,神学家 
STF 0 0 |a 注釋,詮釋,解經,猶太人,猶太人,神學家,聖經研究 
STG 0 0 |a Exegese,Judeus,Judeus,Teologia,Teologia 
STH 0 0 |a Библеистика,Богословие (мотив),Богословие,Евреи (мотив),Евреи,Экзегетика 
STI 0 0 |a Βιβλική ερμηνεία,Εβραίοι (μοτίβο),Εβραίοι,Εξηγητική,Ερμηνευτική,Θεολογία (μοτίβο),Θεολογία 
SUB |a BIB 
SYG 0 0 |a Jews,Jüdinnen,Jude,Jüdin,Jude , Bible for Today's Family,Contemporary English version bible,CEV,New International Reader's,NIrV,NIV,N.I.V.,New International Version Bible,English Standard Version,ESV,ESV Bible,Holy Bible, English Standard Version,Schlachter-Bibel,Schlachterbibel,Zürcher Bibel,Bibel,Handschrift,Arras,Bibliothèque Municipale,Ms. 559,Saint-Vaast Bible,Vatopediu,Athos, Bibliothek,Cod. 1582,Bibbia di Ripoll,Ripoll Bibel,La bible nouvellement translatée avec annotations,Bibel,Althochdeutsch,Glosse,Basel,Universitätsbibliothek,Cod. N I 3 Nr. 97a,Bibelglossatur M,Basel,Universitätsbibliothek,Cod. N I 3 Nr. 97a,Bibel,Handschrift,Breslau,Universitätsbibliothek,Ms. M 1106,Bibel,Bibel,Bibel,Bibel,Bibel,Bibel,Bibel in gerechter Sprache,Itala,Bibel,Bibel,Bibel,Bibel,King James Version,Authorized Version,Authorised Version,KJV,KJB,King James Bible,King-James-Bibel,Zwingli-Bibel,Zwinglibibel,Zürcher Bibelübersetzung,Bibel,Neues Testament,Einheitsübersetzung,Einheitsübersetzung der Heiligen Schrift,Biblia,Heilige Schrift,Bible,Die Bibel,Die Heilige Schrift,La Sainte Bible,La Soncha Scrittüra,Biblia Sacra,La Bible,The Holy Bible,Sveto pismo Staroga i Novoga zaveta,Biblia święta,Biblí svatá,Biblija,La Sacra Bibbia,La Santa Biblia,Die Heiligen Schriften des Alten und Neuen Bundes,Die Heiligen Schriften,Die gantze Heilige Schrifft Deudsch,Die ganze Heilige Schrifft,Kitāb-i muqaddas,al- Kitab al-muqaddas,Seisho,Müqäddäs kitab,Beibel,Bībele,Lutherbibel,Luther-Bibel,Biblia, das ist, die gantze heilige Schrifft Deudsch , Christliche Theologie , Bibelauslegung,Bibelexegese,Biblische Auslegung,Bibelinterpretation,Biblische Exegese,Schriftauslegung